000 01070nam a2200217Ia 4500
003 OSt
005 20250123163344.0
008 210210b2003 xxu||||| |||| 00| 0 eng d
020 _a81 86668 45 4
040 _cAL
041 _aKannada
082 _aK894.8 KADK
100 _aKADENGODLU SHANKARABHATTA JANMA SHATAMANOTSAVA SAMITI
_9195009
_dಕಡೆಂಗೋಡ್ಲು ಶಂಕರಭಟ್ಟ ಜನ್ಮ ಶತಮಾನೋತ್ಸವ ಸಮಿತಿ
245 _aKadengodlu Sahitya I: Kadengodlu Shankarabhatta Samagra Kavya Samputa
_bಕಡೆಂಗೋಡ್ಲುಸಾಹಿತ್ಯ ೧: ಕಡೆಂಗೋಡ್ಲು ಶಂಕರಭಟ್ಟ ಸಮಗ್ರ ಕಾವ್ಯ ಸಂಪುಟ
260 _aUdupi
_bRashtrakavi Govinda Pai Samshodhana Kendra
_c2003
300 _axiv,573
650 _aGhoshayatre gandhi sandesha vastrapaharana kanike hannu kai patrapushpa padenudi nalme honniya maduve madriya chite murlinada hennu bhutalapandya
_9195010
690 _aKannada Miscellaneous
_9195011
906 _aSG04149
942 _2ddc
_cBK
999 _c114869
_d114869